000 01148nam a22003377a 4500
003 CHAP
005 20220329135559.0
008 971013s1994 r 00010 d
010 _a38826
011 _a39798
035 _a43923
040 _cCHAP
090 _aTesis
100 0 0 _aRomero Díaz, José Antonio.
_999560
245 _aModelo de crecimiento y producción moderable para Pinus oocarpa Schiede, en Hidalgo, Mich.
260 _aChapingo, Méx. :
_bEl autor,
_c1994
300 _a81 H.
_b: gráfs.
502 _aTesis (Ing. Forestal con Orientación en Economia y Ordenación) -- UACH. División de Ciencias Forestales
590 _aALEPH
_b10
_c20130110
_lUCH01
_h1305
590 _aBATCH-UPD
_b10
_c20130110
_lUCH01
_h1512
590 _aBATCH-UPD
_b10
_c20130410
_lUCH01
_h0929
590 _aBATCH-UPD
_b10
_c20130914
_lUCH01
_h1737
590 _aCONVERSION
_b10
_c20130109
_lUCH01
_h1322
650 1 4 _aMadera.
_969594
650 1 4 _aPinus oocarpa.
_988355
650 1 4 _aRodales.
_998229
901 _aBK
942 _cFOLL
949 _bBC
_cTES
_d-100540
_eTS1
_h27428
_i43923
_si
949 _bBC
_cTES
_d-100541
_eTS2
_fc.2
_h27429
_i43923
_si
999 _c38826
_d38826